|
|
|
|
| LEADER |
01674nam a2200325 a 4500 |
| 001 |
3434052 |
| 008 |
110714r19981992nyua b 001 0 eng |
| 010 |
|
|
|a 91037466
|
| 020 |
|
|
|a 0074632728
|
| 020 |
|
|
|a 0079113656 (3 1/2 in. disk)
|
| 020 |
|
|
|a 0079113648 (5 1/4 in. disk)
|
| 040 |
|
|
|a DLC
|c DLC
|d DLC
|d BD-DhAAL
|
| 082 |
0 |
0 |
|a 005.4/3
|2 20
|
| 100 |
1 |
|
|a Milenkovic, Milan.
|
| 245 |
1 |
0 |
|a Operating systems :
|b concepts and design /
|c Milan Milenkovic.
|
| 250 |
|
|
|a 2nd ed.
|
| 260 |
|
|
|a New York ;
|a New Delhi :
|b Tata McGraw-Hill,
|c c1992 [reprinted 1998].
|
| 300 |
|
|
|a xxv, 755 p. :
|b ill. ;
|c 25 cm. +
|e 1 computer disk (3 1/2 in.)
|
| 490 |
0 |
|
|a McGraw-Hill computer science series
|
| 500 |
|
|
|a System requirements for computer disk (KMOS 2.0, kernel multitasking operating system): IBM PC or compatibles; 512K RAM; Borland's C++ compiler.
|
| 500 |
|
|
|a Computer disk in pocket.
|
| 504 |
|
|
|a Includes bibliographical references (p. 724-740) and index.
|
| 541 |
|
|
|e 00006829
|
| 590 |
|
|
|a 2nd copy has one 5 1/4 in. disk with same software.
|
| 650 |
|
0 |
|a Operating systems (Computers)
|
| 852 |
1 |
|
|a Ayesha Abed Library
|c General Shelf.
|
| 999 |
|
|
|c 11073
|d 11073
|
| 952 |
|
|
|0 0
|1 0
|2 ddc
|4 0
|6 005_430000000000000_MIL
|7 0
|9 17443
|a BRACUL
|b BRACUL
|c GEN
|d 2011-07-15
|l 7
|m 27
|o 005.43 MIL
|p 3010006829
|r 2025-09-08
|s 2025-09-01
|t 1
|w 2011-07-15
|y BK
|
| 952 |
|
|
|0 0
|1 0
|2 ddc
|4 0
|6 005_430000000000000_MIL
|7 0
|9 17855
|a BRACUL
|b BRACUL
|c GEN
|d 2011-08-16
|l 4
|m 21
|o 005.43 MIL
|p 3010006828
|r 2026-01-05
|s 2025-08-14
|t 2
|w 2011-08-16
|y BK
|
| 952 |
|
|
|0 0
|1 0
|2 ddc
|4 0
|6 005_430000000000000_MIL
|7 0
|9 17856
|a BRACUL
|b BRACUL
|c GEN
|d 2011-08-16
|l 9
|m 75
|o 005.43 MIL
|p 3010007724
|r 2025-03-23
|s 2025-03-22
|t 3
|w 2011-08-16
|y BK
|